000 01026nam a22002537a 4500
999 _c62546
_d62546
005 20240530110555.0
008 160809s2013 ua a f b 000 0 ara d
017 _a2012/17490
_bمصر . دار الكتب المصرية
020 _a9789770527979
040 _aEG-CaGPL
082 0 4 _221
_a001.42\
_bم ب
100 0 _aمصطفى حسين باهى .
245 1 2 _aالبحث العلمى فى المجال الرياضى /
_cتأليف مصطفى حسين باهى ، أحمد كمال نصارى ، مختار أمين عبدالغنى .
250 _aط1 .
260 _aمصر :
_bمكتبة الانجلو المصرية ،
_c2013 .
300 _a176ص ؛
_c24 سم .
504 _aببليوجرافية : ص 165 - 173
650 0 4 _aالبحث العلمى .
650 0 4 _aطرق البحث .
700 0 _aأحمد كمال نصارى
_eمؤلف مشارك .
700 0 _aمختار أمين عبدالغنى
_eمؤلف مشارك .
942 _2ddc
_cBK